Cataluña: arquitectura, arte, paisaje

Uloženo v:
Podrobná bibliografie
Hlavní autor: Borngässer, Barbara (Autor)
Médium: Kniha
Jazyk:španělština
Vydáno: Colonia Könemann 2001
Témata:
Tagy: Přidat tag
Žádné tagy, Buďte první, kdo vytvoří štítek k tomuto záznamu!

MARC

LEADER 00000nam a2200000 a 4500
001 UCN8270
003 CL-VaPUC
008 011109e20010000GW |||||||||||||||||spa|d
082 0 4 |a 709.467  |b BOR  |2 21 
100 0 |a Borngässer, Barbara  |e author  |9 464594 
245 1 0 |a Cataluña: arquitectura, arte, paisaje 
300 |a 439 p 
942 |c BK 
945 |d 20011109 00:00:00  |a cmena 
260 |a Colonia  |b Könemann  |c 2001 
650 0 |a Arte catalán   |9 331213 
650 0 |a Arquitectura catalana  |9 408372 
650 7 |a PAISAJES CATALANES  |2 CL-VaPUC  |9 464595 
651 7 |a CATALUÑA  |2 CL-VaPUC  |9 331857 
651 0 |a España  |9 254926 
583 |a last modification  |c 20011109 00:00:00  |k Rodrigo Vera 
999 |c 298287  |d 298285 
952 |0 0  |1 0  |4 0  |6 709_467000000000000_BOR_2001  |7 0  |8 A  |9 353788  |a BIBHIS  |b BIBHIS  |d 2019-11-21  |i 3769399  |o 709.467 BOR 2001  |p 3769399  |r 2025-01-20  |w 2019-11-21  |y BK  |k HIS